| 000 | 00770cam a2200241 i 4500 | ||
|---|---|---|---|
| 001 | TB12222 | ||
| 003 | IN-BhIIT | ||
| 005 | 20250321094352.0 | ||
| 008 | 160613s2017 nyu b 001 0 eng | ||
| 020 | _a9780367869977 (pbk.) | ||
| 040 | _aIN-BhIIT | ||
| 041 | _aeng | ||
| 082 | 0 | 0 |
_a170 _bTIM/R |
| 245 | 0 | 4 |
_aThe routledge companion to free will / _cedited by Kevin Timpe, Meghan Griffith, and Neil Levy. |
| 260 |
_aNew York : _bRoutledge, _c2019. |
||
| 300 |
_axxii, 707 p. : _bill. ; _c26 cm |
||
| 504 | _aIncludes bibliographical references and index. | ||
| 650 | 0 |
_aFree will and determinism. _925350 |
|
| 700 | 1 |
_aTimpe, Kevin. _eeditor. _925351 |
|
| 700 | 1 |
_aGriffith, Meghan _eJoint editor _925352 |
|
| 700 | 1 |
_aLevy, Neil _eJoint editor _925353 |
|
| 942 | _cTB | ||
| 999 |
_c14670 _d14670 |
||